| Tag |
First Indicator |
Second Indicator |
Subfields |
| LEADER |
00000cam a2200000 a 4500 |
| 001 |
in00000027914 |
| 005 |
20151007054647.0 |
| 008 |
870610s1988 nyu 00110aeng |
| 010 |
|
|
|a 87047780
|
| 020 |
|
|
|a 0465082238 :
|c $22.95
|
| 035 |
|
|
|a (OCoLC)17353378
|
| 035 |
|
|
|9 AAB5857AM
|
| 040 |
|
|
|a DLC
|c DLC
|d TXA
|d UtOrBLW
|
| 041 |
1 |
|
|a eng
|h fre
|
| 049 |
|
|
|a TXAM
|c [A10954583]
|
| 050 |
0 |
0 |
|a QH429.2.J33
|b A313 1988
|
| 082 |
0 |
|
|a 575.1/092/4
|a B
|2 19
|
| 100 |
1 |
|
|a Jacob, François,
|d 1920-2013.
|
| 240 |
1 |
0 |
|a Statue intérieure.
|l English
|
| 245 |
1 |
4 |
|a The statue within :
|b an autobiography /
|c François Jacob ; translated by Franklin Philip.
|
| 264 |
|
1 |
|a New York :
|b Basic Books,
|c [1988]
|
| 264 |
|
4 |
|c ©1988
|
| 300 |
|
|
|a vi, 326 pages ;
|c 25 cm.
|
| 336 |
|
|
|a text
|b txt
|2 rdacontent
|
| 337 |
|
|
|a unmediated
|b n
|2 rdamedia
|
| 338 |
|
|
|a volume
|b nc
|2 rdacarrier
|
| 490 |
1 |
|
|a Alfred P. Sloan Foundation series
|
| 500 |
|
|
|a Translation of: La statue intérieure.
|
| 500 |
|
|
|a Includes index.
|
| 600 |
1 |
0 |
|a Jacob, François,
|d 1920-2013.
|
| 650 |
|
0 |
|a Geneticists
|z France
|x Biography.
|
| 650 |
|
0 |
|a Molecular biologists
|z France
|x Biography.
|
| 830 |
|
0 |
|a Alfred P. Sloan Foundation series.
|
| 999 |
|
|
|a MARS
|
| 999 |
f |
f |
|s 8a1b917d-15a8-385e-8105-32c112d9a0a5
|i 1df4dc59-5f6e-314e-8939-59366b68d664
|t 0
|
| 952 |
f |
f |
|p ric
|a Texas A&M University
|b Rellis Campus
|c Joint Library Facility
|d Remote Storage
|t 0
|e QH429.2.J33 A313 1988
|h Library of Congress classification
|i unmediated -- volume
|m A14810954583
|
| 998 |
f |
f |
|a QH429.2.J33 A313 1988
|t 0
|l Remote Storage
|